000 00658nas a2200217 4500
001 BR9505235
003 BR-BrBNA
005 20231205094157.0
007 ta
008 230509b bl.|||p| |||| 00| 00por d
040 _aBR-BrBNA
_bpor
_cBiblioteca Nacional de Agricultura
041 _a(Pt)
072 _aN10
100 1 _aAnon.
245 1 _aFossa septica (projeto e instrucoes para o agricultor construir)
650 _aFossa Septica
650 _aConstrucao Rural
773 0 _tChacaras e Quintais. Agricultura e Pecuaria (Brazil)
_x
_g(Jan 1968), v. 59(697) p. 43-48
_wBR9505235
909 _a202311
_bLúcia
_c55
_dLúcia Elande
942 _2AGRIS
_n0
_cANA
999 _c142575
_d142575